000 00284nam a2200109Ia 4500
008 200302s9999 xx 000 0 und d
100 _aAmerigo Marras
245 _aEco-Tec Architecture of the In-Between
260 _bPrinceton Architectural Press
260 _c1999
300 _a137 P.,
999 _c4172
_d4172